Capitales du monde (avec carte). - Statistiques

Statistiques générales
  • Ce quiz a été pris 540 fois
  • Le résultat moyen est 90 sur 196
Réponses sur la Carte
Les réponses sont colorées sur une échelle allant du rouge au vert en fonction du pourcentage des utilisateurs qui les ont devinées à leur premier essai. Vous pouvez retrouver ces pourcentages ci-dessous.
 
Statistiques - réponses
Pays % Correct
Paris
95%
Madrid
88%
Berlin
87%
Rome
87%
Washington
87%
Londres
86%
Moscou
86%
Lisbonne
83%
Mexico
83%
Bruxelles
81%
Alger
80%
Brasilia
80%
Ottawa
80%
Pékin
80%
Tokyo
80%
Dublin
79%
Oslo
78%
Berne
77%
Tunis
76%
Canberra
75%
Athènes
74%
Kiev
74%
Amsterdam
73%
Buenos Aires
72%
Le Caire
72%
Luxembourg
71%
Vienne
71%
Helsinki
70%
New Delhi
70%
Varsovie
69%
Bucarest
68%
Budapest
68%
Rabat
68%
Séoul
68%
Copenhague
67%
Stockholm
67%
Ankara
64%
Sofia
63%
Zagreb
63%
Lima
62%
Andorre-la-Vieille
61%
Dacca
61%
Monaco
61%
Bogota
60%
Prague
60%
Pretoria / Le Cap / Bloemfontein
60%
Reykjavik
60%
Vatican
60%
La valette
58%
Minsk
57%
Santiago
57%
Jérusalem
56%
La Havane
56%
La paz / Sucre
56%
Saint-Marin
56%
Montevideo
55%
Panama
55%
Sarajevo
55%
Bagdad
54%
Bangkok
54%
Jakarta
54%
Pyongyang
54%
Riga
54%
Dakar
53%
Vilnius
53%
Tallinn
52%
Tirana
52%
Téhéran
51%
Caracas
50%
Ljubljana
50%
Manille
50%
Riyad
50%
Singapour
50%
Abou Dabi
49%
Belgrade
49%
Bratislava
49%
Nicosie
49%
Wellington
49%
Doha
48%
Kinshasa
48%
Oulan-Bator
48%
Tripoli
48%
Brazzaville
47%
Damas
47%
Kaboul
47%
Quito
47%
Vaduz
47%
Beyrouth
46%
Guatemala
46%
Nairobi
46%
Skopje
46%
Bamako
45%
Djibouti
45%
Hanoï
45%
Islamabad
45%
Koweït
45%
Kuala Lumpur
45%
Chișinău
44%
Kingston
44%
Kingstown
44%
Pristina
44%
San Salvador
44%
Katmandou
43%
Port-au-Prince
43%
Antananarivo
41%
Asuncion
41%
Libreville
41%
Podgorica
41%
Bakou
40%
Saint-Domingue
40%
San José
40%
Taipei
40%
Yaoundé
40%
Erevan
39%
Noursoultan
39%
Ouagadougou
39%
Tbilissi
39%
Freetown
38%
Phnom Penh
38%
Addis-Abeba
37%
Amman
37%
Georgetown
37%
Sanaa
37%
Yamoussoukro
37%
Khartoum
36%
Sao Tomé
36%
Accra
35%
Luanda
35%
Tegucigalpa
35%
Bissau
34%
Lomé
34%
Niamey
34%
Nouakchott
34%
Vientiane
34%
Conakry
33%
Managua
33%
Mascate
33%
Nassau
33%
Paramaribo
33%
Tachkent
33%
Belmopan
32%
Port-Louis
32%
Praia
32%
Bichkek
31%
Harare
31%
Kigali
31%
Malé
31%
Mogadiscio
31%
Porto-Novo
31%
Victoria
31%
Windhoek
31%
Maputo
30%
Ndjamena
30%
Port-d'Espagne
30%
Sri Jayawardenepura Kotte / Colombo
30%
Abuja
29%
Bangui
29%
Banjul
29%
Achgabat
28%
Dili
28%
Dodoma
28%
Douchanbé
28%
Gaborone
28%
Lusaka
28%
Monrovia
28%
Port Moresby
28%
Asmara
27%
Manama
27%
Moroni
27%
Naypyidaw
27%
Djouba
26%
Kampala
26%
Thimphou
26%
Lilongwe
25%
Maseru
25%
Saint John's
25%
Castries
24%
Mbabane
24%
Roseau
24%
Malabo
23%
Saint George's
23%
Suva
23%
Basseterre
22%
Bandar Seri Begawan
21%
Bridgetown
21%
Apia
20%
Gitega
20%
Port-Vila
20%
Funafuti
18%
Palikir
17%
Tarawa
16%
Yaren
16%
Nuku'alofa
15%
Ngerulmud
14%
Honiara
13%
Majuro
13%
Aucun quiz correspondant
Distribution des résultats
% des personnes avec chaque résultat
Percentile par nombre de réponses
Votre historique - résultats
Vous n’avez pas pris ce quiz